[Event "Abu Dhabi Masters"]
[Site "Abu Dhabi UAE"]
[Date "2016.08.29"]
[EventDate "2016.08.21"]
[Round "9.5"]
[Result "1/2-1/2"]
[White "Tamas Banusz"]
[Black "Wang Hao"]
[WhiteElo "2616"]
[BlackElo "2712"]
[PlyCount "24"]

1. Nf3 d5 2. g3 Bg4 3. Bg2 e6 4. O-O Nf6 5. h3 Bxf3 6. Bxf3 c5
7. d3 Nc6 8. Bg2 Be7 9. e4 O-O 10. exd5 Nxd5 11. Nc3 Nxc3
12. bxc3 Qd7 1/2-1/2

[Event "Chinese Chess League"]
[Site "CHN"]
[Date "2016.09.23"]
[EventDate "2016.04.12"]
[Round "12.3"]
[Result "1-0"]
[White "Wang Hao"]
[Black "Namkhai Battulga"]
[WhiteElo "2732"]
[BlackElo "2402"]
[PlyCount "83"]

1. e4 c5 2. Nf3 d6 3. Bb5+ Nc6 4. O-O Bd7 5. Re1 Nf6 6. c3 a6
7. Bf1 Bg4 8. d4 cxd4 9. cxd4 d5 10. e5 Nd7 11. e6 fxe6
12. Be2 Qb6 13. Nbd2 g6 14. Nb3 Bg7 15. Be3 O-O 16. Ng5 Bxe2
17. Rxe2 Rf6 18. f4 Bh6 19. Nh3 a5 20. a4 Qb4 21. g3 Bg7
22. Nf2 Rff8 23. Bd2 Qb6 24. Bc3 e5 25. dxe5 e6 26. Nd4 Nc5
27. Kg2 Rfe8 28. h4 h5 29. Nxc6 Qxc6 30. Bd4 b6 31. Qc2 Kf7
32. Re3 Rac8 33. Rc3 Qb7 34. Rc1 Bf8 35. g4 Bh6 36. gxh5 Rg8
37. Kh3 gxh5 38. Qh7+ Bg7 39. Rg1 Kf8 40. f5 Rh8 41. Qg6 Qf7
42. fxe6 1-0

[Event "Chinese Chess League"]
[Site "CHN"]
[Date "2016.09.25"]
[EventDate "2016.04.12"]
[Round "14.4"]
[Result "1/2-1/2"]
[White "Wang Hao"]
[Black "Ni Hua"]
[WhiteElo "2732"]
[BlackElo "2681"]
[PlyCount "106"]

1. d4 Nf6 2. Nf3 d5 3. g3 Bg4 4. Bg2 e6 5. c4 c6 6. Nbd2 Nbd7
7. h3 Bf5 8. Nh4 Be4 9. Nxe4 dxe4 10. O-O h6 11. Bh1 Qa5
12. Qc2 g5 13. Bd2 Qb6 14. Ng2 Qxd4 15. Rad1 Qb6 16. Bc3 Rg8
17. Ne3 Bb4 18. Bd4 Bc5 19. Bxc5 Qxc5 20. Bxe4 a5 21. Bg2 Ke7
22. Rd3 Rgd8 23. Kh2 h5 24. Rfd1 Ne5 25. R3d2 h4 26. gxh4 gxh4
27. a3 Rxd2 28. Qxd2 Ng6 29. Qd4 Qxd4 30. Rxd4 Rd8 31. Rxd8
Kxd8 32. b4 axb4 33. axb4 Nf4 34. Bf3 Nd7 35. Ng2 Nxg2
36. Kxg2 Ne5 37. c5 f5 38. Kf1 Kc7 39. Ke1 b6 40. cxb6+ Kxb6
41. Kd2 Kb5 42. Kc3 Nxf3 43. exf3 e5 44. Kb3 c5 45. bxc5 Kxc5
46. Kc3 Kd5 47. Kd3 f4 48. Kc3 Kc5 49. Kd3 Kd5 50. Kc3 e4
51. Kd2 Kd4 52. fxe4 Kxe4 53. Ke2 f3+ 1/2-1/2

[Event "Chinese Chess League"]
[Site "CHN"]
[Date "2016.09.26"]
[EventDate "2016.04.12"]
[Round "15.3"]
[Result "0-1"]
[White "Yiye Wang"]
[Black "Wang Hao"]
[WhiteElo "2442"]
[BlackElo "2732"]
[PlyCount "58"]

1. Nf3 Nf6 2. g3 d5 3. Bg2 Bf5 4. O-O c6 5. d3 h6 6. Nbd2 e6
7. c4 Be7 8. b3 O-O 9. Bb2 Bh7 10. a3 a5 11. Bc3 c5 12. cxd5
exd5 13. d4 Nc6 14. dxc5 d4 15. Bb2 Bxc5 16. Ne1 Re8 17. Nd3
Bf8 18. Rc1 Qe7 19. Rxc6 bxc6 20. Bxc6 Qxe2 21. Nf4 Qa6
22. Bxa8 Qxa8 23. Bxd4 Nd5 24. Ng2 Rd8 25. Qa1 Nc7 26. Be3 Ne6
27. b4 Ng5 28. Bxg5 hxg5 29. Nb3 Qf3 0-1

[Event "Isle of Man Masters"]
[Site "Douglas IMN"]
[Date "2016.10.01"]
[EventDate "2016.10.01"]
[Round "1.7"]
[Result "0-1"]
[White "Wang Hao"]
[Black "Thomas Paehtz Sr"]
[WhiteElo "2701"]
[BlackElo "2356"]
[PlyCount "120"]

1. Nf3 Nf6 2. c4 g6 3. Nc3 Bg7 4. e4 d6 5. d4 O-O 6. Be2 e5
7. O-O exd4 8. Nxd4 Re8 9. f3 Nc6 10. Be3 Nh5 11. Nc2 f5
12. Nd5 Bxb2 13. Rb1 Bg7 14. g4 f4 15. Bd2 Nf6 16. Bxf4 Ne5
17. Qd2 b6 18. Nd4 Bd7 19. g5 Nxd5 20. cxd5 Nf7 21. Kh1 Qe7
22. Rbc1 Bh3 23. Rg1 Be5 24. Be3 a6 25. Nc6 Qd7 26. Nxe5 dxe5
27. Rc6 Nd6 28. Rgc1 Ra7 29. Qc3 Re7 30. Qa3 Ne8 31. Qb3 Kg7
32. Qb2 Kg8 33. a4 a5 34. Qb3 Nd6 35. Qc3 Qd8 36. Kg1 Qf8
37. Qe1 Qd8 38. Qc3 Qf8 39. Qa3 Rd7 40. R1c3 Rb7 41. Qc1 Rf7
42. Bf2 Nxe4 43. fxe4 Rxf2 44. Rf6 Rxf6 45. gxf6 Bd7 46. d6
cxd6 47. Bc4+ Kh8 48. Bd5 Rb8 49. Qg5 Rc8 50. f7 Kg7 51. Rf3
h6 52. Qf6+ Kh7 53. Rg3 Qg7 54. Qxd6 Bxa4 55. Be6 Qf6 56. Kg2
Bb5 57. Rf3 Qg5+ 58. Rg3 Rc2+ 59. Kh1 Rc1+ 60. Kg2 Bf1+ 0-1

[Event "Isle of Man Masters"]
[Site "Douglas IMN"]
[Date "2016.10.02"]
[EventDate "2016.10.01"]
[Round "2.36"]
[Result "0-1"]
[White "Shalmali Gagare"]
[Black "Wang Hao"]
[WhiteElo "1989"]
[BlackElo "2701"]
[PlyCount "68"]

1. c4 Nf6 2. Nf3 e6 3. d4 b6 4. g3 Ba6 5. Qc2 Bb4+ 6. Bd2 Be7
7. Bg2 O-O 8. O-O d5 9. b3 c5 10. Rd1 Nc6 11. dxc5 bxc5
12. Bc3 d4 13. b4 cxb4 14. Nxd4 Nxd4 15. Bxd4 Rc8 16. c5 Bxc5
17. Bxc5 Rxc5 18. Qb3 Qb6 19. e3 Rd8 20. Bf1 Rxd1 21. Qxd1
Bxf1 22. Qxf1 Ne4 23. f3 Qc7 24. fxe4 Rc1 25. Nd2 Rxf1+
26. Nxf1 Qc2 27. e5 h5 28. e4 a5 29. h4 a4 30. Nh2 Qxe4
31. Rd1 Qxe5 32. Nf1 a3 33. Kf2 b3 34. axb3 a2 0-1

[Event "Isle of Man Masters"]
[Site "Douglas IMN"]
[Date "2016.10.05"]
[EventDate "2016.10.01"]
[Round "5.40"]
[Result "1/2-1/2"]
[White "Alistair Hill"]
[Black "Wang Hao"]
[WhiteElo "2249"]
[BlackElo "2701"]
[PlyCount "62"]

1. Nf3 c5 2. e4 Nc6 3. d4 cxd4 4. Nxd4 Nf6 5. Nc3 d6 6. Bg5 e6
7. Qd2 Be7 8. O-O-O O-O 9. h4 a6 10. Be2 Bd7 11. f4 Nxd4
12. Qxd4 Bc6 13. Bf3 h6 14. Qf2 Qa5 15. Qg3 Kh8 16. e5 dxe5
17. fxe5 Ng8 18. Bxc6 bxc6 19. Rd7 Bb4 20. Bd2 Rad8 21. Rxd8
Rxd8 22. Rf1 Bxc3 23. Bxc3 Qxa2 24. b3 Rd7 25. Qf3 Qa3+
26. Kb1 Qc5 27. Kb2 Qd5 28. Qe2 Qb5 29. Qf3 Qd5 30. Qe2 Qb5
31. Qf3 Qd5 1/2-1/2

[Event "Isle of Man Masters"]
[Site "Douglas IMN"]
[Date "2016.10.06"]
[EventDate "2016.10.01"]
[Round "6.44"]
[Result "1/2-1/2"]
[White "Tereza Rodshtein"]
[Black "Wang Hao"]
[WhiteElo "2207"]
[BlackElo "2701"]
[PlyCount "84"]

1. e4 c5 2. Nf3 d6 3. d4 cxd4 4. Nxd4 Nf6 5. Nc3 a6 6. g3 g6
7. Bg2 Bg7 8. O-O O-O 9. Re1 Bg4 10. f3 Bd7 11. Be3 Nc6
12. Nd5 Rc8 13. Rc1 Nxd5 14. exd5 Nb4 15. f4 a5 16. c3 Na6
17. Nf3 a4 18. Bd4 Bf6 19. Bxf6 exf6 20. Qd4 Nc5 21. Nd2 Bf5
22. Be4 Bxe4 23. Nxe4 Nxe4 24. Rxe4 b5 25. b3 f5 26. Re3 axb3
27. axb3 Qa5 28. Rce1 Qa2 29. b4 Rc4 30. Qf6 Re4 31. Qxd6 Rxe3
32. Rxe3 Qb1+ 33. Kf2 Qh1 34. Qd7 Qxh2+ 35. Kf3 Qh1+ 36. Kf2
Kg7 37. Qxb5 Ra8 38. d6 Kh6 39. Qf1 Qh2+ 40. Kf3 Qh5+ 41. Kf2
Qh2+ 42. Kf3 Qh5+ 1/2-1/2

[Event "Isle of Man Masters"]
[Site "Douglas IMN"]
[Date "2016.10.07"]
[EventDate "2016.10.01"]
[Round "7.39"]
[Result "1-0"]
[White "Wang Hao"]
[Black "Rakesh Kumar Jena"]
[WhiteElo "2701"]
[BlackElo "2247"]
[PlyCount "101"]

1. e4 c5 2. Nf3 d6 3. d4 cxd4 4. Nxd4 Nf6 5. Nc3 g6 6. Be3 Bg7
7. f3 O-O 8. Qd2 Nc6 9. O-O-O Nxd4 10. Bxd4 Be6 11. Kb1 Qc7
12. h4 Rfc8 13. h5 Qa5 14. hxg6 hxg6 15. a3 Rab8 16. Bd3 b5
17. Qg5 d5 18. exd5 b4 19. Ne4 Qxd5 20. Nxf6+ exf6 21. Qxd5
Bxd5 22. Bxa7 bxa3 23. Bxb8 Rxb8 24. b3 a2+ 25. Kxa2 f5
26. Ka3 Bc3 27. Rh4 Bc6 28. Rc4 Ra8+ 29. Ra4 Bxa4 30. bxa4 Rd8
31. Rb1 Kf8 32. Rb5 Ke7 33. a5 Ra8 34. Rb7+ Kd6 35. a6 f6
36. Kb3 Bd4 37. c3 Be5 38. Kb4 Rc8 39. Bc4 Rc7 40. Rb6+ Ke7
41. Re6+ Kd7 42. f4 Bd6+ 43. Kb3 g5 44. Rxf6 gxf4 45. Bd5 Bc5
46. Rxf5 Be3 47. Kc2 Kd6 48. Kd3 Rg7 49. Bf3 Kc7 50. Rb5 Kd6
51. g4 1-0

[Event "Isle of Man Masters"]
[Site "Douglas IMN"]
[Date "2016.10.08"]
[EventDate "2016.10.01"]
[Round "8.28"]
[Result "1-0"]
[White "Wang Hao"]
[Black "Shinya Kojima"]
[WhiteElo "2701"]
[BlackElo "2399"]
[PlyCount "81"]

1. e4 c6 2. Nf3 d5 3. Nc3 Bg4 4. h3 Bxf3 5. Qxf3 e6 6. g3 Nf6
7. Bg2 dxe4 8. Qe2 Nbd7 9. Nxe4 Nxe4 10. Bxe4 Nf6 11. Bg2 Be7
12. O-O O-O 13. Rd1 Qc7 14. d4 Rad8 15. Rd3 a5 16. c4 Rd7
17. Bf4 Bd6 18. Bg5 Be7 19. Rad1 Rfd8 20. h4 h6 21. Bf4 Bd6
22. Be3 h5 23. Bh3 g6 24. d5 cxd5 25. cxd5 Nxd5 26. Bg5 Be7
27. Bxe6 fxe6 28. Qxe6+ Kg7 29. Rxd5 Rxd5 30. Rxd5 Rxd5
31. Qxd5 Bxg5 32. Qxg5 Qc2 33. Qe7+ Kg8 34. Qe6+ Kg7 35. Qb3
Qe4 36. a4 Qe1+ 37. Kg2 Qe4+ 38. Kh2 Kh8 39. Qc3+ Kh7 40. Qxa5
Qd4 41. Qc7+ 1-0

[Event "Chinese Chess League"]
[Site "CHN"]
[Date "2016.10.31"]
[EventDate "2016.04.12"]
[Round "17.2"]
[Result "0-1"]
[White "Di Li"]
[Black "Wang Hao"]
[WhiteElo "2420"]
[BlackElo "2732"]
[PlyCount "78"]

1. d4 Nf6 2. Nf3 e6 3. c4 b6 4. a3 Bb7 5. Nc3 d5 6. cxd5 Nxd5
7. e3 Be7 8. Bb5+ c6 9. Bd3 O-O 10. O-O Nxc3 11. bxc3 c5
12. e4 Qc7 13. Qe2 Nd7 14. Be3 Rac8 15. a4 Nf6 16. Bg5 h6
17. Bd2 Rfd8 18. Rfe1 Nd7 19. Be3 cxd4 20. cxd4 Bb4 21. Rec1
Qd6 22. h3 Qe7 23. Rxc8 Rxc8 24. Rc1 Qf8 25. Ba6 Rxc1+
26. Bxc1 Ba8 27. Bb2 Nf6 28. Bd3 Qe8 29. Ba6 Qf8 30. Bd3 Qe8
31. Bb5 Qc8 32. Bd3 Bb7 33. Qe3 Qc6 34. d5 exd5 35. Nd4 Qxa4
36. Nf5 Qd1+ 37. Kh2 dxe4 38. Nxh6+ gxh6 39. Bxf6 Bd6+ 0-1

[Event "Chinese Chess League"]
[Site "CHN"]
[Date "2016.11.01"]
[EventDate "2016.04.12"]
[Round "18.6"]
[Result "1/2-1/2"]
[White "Wang Hao"]
[Black "Zhao Jun"]
[WhiteElo "2732"]
[BlackElo "2634"]
[PlyCount "110"]

1. e4 e5 2. Nf3 Nc6 3. d4 exd4 4. Ng1 Nb8 5. Nf3 Nc6 6. Nxd4
Nf6 7. Nxc6 bxc6 8. e5 Qe7 9. Qe2 Nd5 10. c4 Nb6 11. Nc3 Ba6
12. Qe4 f6 13. c5 Bxf1 14. Rxf1 Nd5 15. Nxd5 cxd5 16. Qxd5 c6
17. Qe4 Qxe5 18. Qxe5+ fxe5 19. Be3 Rb8 20. b3 Be7 21. Ke2 Rf8
22. Rac1 Rb4 23. Rc4 Rxc4 24. bxc4 Kd8 25. Rb1 Kc7 26. g3 Rb8
27. Rxb8 Kxb8 28. Kd3 Kb7 29. Ke4 Ka6 30. Kxe5 Ka5 31. Kd4 Kb4
32. Kd3 Ka3 33. Bd4 g6 34. f4 h5 35. h3 Kxa2 36. Kc2 Ka3
37. Kc3 Ka2 38. g4 hxg4 39. hxg4 a5 40. g5 Bf8 41. Kc2 Ka3
42. Kc3 Ka2 43. f5 gxf5 44. g6 f4 45. g7 Bxg7 46. Bxg7 f3
47. Bd4 Ka3 48. Bf2 Ka2 49. Kc2 Ka3 50. Be1 Ka2 51. Kd3 Kb3
52. Bxa5 f2 53. Ke2 Kxc4 54. Bb6 Kd5 55. Kxf2 d6 1/2-1/2

[Event "European Club Cup"]
[Site "Novi Sad SRB"]
[Date "2016.11.06"]
[EventDate "2016.11.06"]
[Round "1.5"]
[Result "1-0"]
[White "Wang Hao"]
[Black "Richard Gerber"]
[WhiteElo "2680"]
[BlackElo "2326"]
[PlyCount "47"]

1. e4 c5 2. Nf3 d6 3. d4 cxd4 4. Nxd4 Nf6 5. Nc3 g6 6. Be3 Bg7
7. f3 Nc6 8. Qd2 O-O 9. O-O-O Nxd4 10. Bxd4 Be6 11. Kb1 Qc7
12. h4 Rfc8 13. h5 Qa5 14. hxg6 hxg6 15. a3 Rab8 16. Bd3 b5
17. Qg5 Qc7 18. e5 dxe5 19. Bxe5 Qc5 20. f4 Rb7 21. Bxg6 b4
22. Rh7 bxc3 23. Bxf7+ Kxh7 24. Rh1+ 1-0

[Event "European Club Cup"]
[Site "Novi Sad SRB"]
[Date "2016.11.07"]
[EventDate "2016.11.06"]
[Round "2.9"]
[Result "0-1"]
[White "Thomas Koch"]
[Black "Wang Hao"]
[WhiteElo "2472"]
[BlackElo "2680"]
[PlyCount "102"]

1. d4 Nf6 2. c4 e6 3. Nf3 d5 4. Nc3 Nbd7 5. Bg5 c6 6. e3 h6
7. Bh4 g5 8. Bg3 Nh5 9. Qc2 Nxg3 10. hxg3 Bg7 11. O-O-O a6
12. e4 O-O 13. Kb1 dxc4 14. Bxc4 b5 15. Be2 c5 16. e5 cxd4
17. Rxd4 Qe7 18. Qe4 Nc5 19. Qxa8 Bb7 20. Qxf8+ Bxf8 21. Rhd1
Qc7 22. a3 Bc6 23. Re1 Nb3 24. Rd3 b4 25. axb4 Bxb4 26. Bd1
Na5 27. Nd2 Bb5 28. Nxb5 axb5 29. Re4 Bxd2 30. Rxd2 Nc4
31. Rdd4 Nxe5 32. f4 Nc6 33. Rd3 Kg7 34. Bh5 Qa7 35. fxg5 hxg5
36. Rf3 f6 37. Rf1 Nd4 38. Rd1 e5 39. Re3 b4 40. Bg4 Kg6
41. Rdd3 b3 42. Rxb3 Nxb3 43. Rxb3 Qg1+ 44. Ka2 f5 45. Be2 g4
46. Ba6 Qxg2 47. Bb7 Qd2 48. Rb5 Qd7 49. Rb4 e4 50. Rb6+ Kg5
51. Rb3 Qe6 0-1

[Event "European Club Cup"]
[Site "Novi Sad SRB"]
[Date "2016.11.08"]
[EventDate "2016.11.06"]
[Round "3.4"]
[Result "1/2-1/2"]
[White "Wang Hao"]
[Black "Dmitry Frolyanov"]
[WhiteElo "2680"]
[BlackElo "2539"]
[PlyCount "205"]

1. d4 d5 2. c4 e6 3. Nc3 c6 4. Nf3 dxc4 5. a4 Bb4 6. e4 b5
7. Be2 Nf6 8. O-O Qb6 9. Be3 Bxc3 10. bxc3 Nxe4 11. Qc2 Nf6
12. d5 c5 13. Rfb1 Nxd5 14. Rxb5 Nxe3 15. Qe4 Qc6 16. Qxe3 Nd7
17. Ne5 Qc7 18. Nxf7 O-O 19. Ng5 Nf6 20. Rxc5 Qe7 21. Re5 Qc7
22. Rxe6 Bxe6 23. Nxe6 Qb6 24. Nxf8 Qxe3 25. fxe3 Kxf8 26. Rb1
Re8 27. Bxc4 Rxe3 28. Rb8+ Ke7 29. Rb7+ Kd6 30. Rxa7 Rxc3
31. Bf1 g5 32. a5 Ne4 33. a6 Rc1 34. Ra8 Ra1 35. Re8 Kd5
36. Rd8+ Ke5 37. Re8+ Kd4 38. Rd8+ Ke5 39. g3 h5 40. Ra8 h4
41. gxh4 gxh4 42. Kg2 Nc5 43. Kh3 Nxa6 44. Bxa6 Kf6 45. Kxh4
Kg7 46. Ra7+ Kh6 47. Kg4 Ra2 48. Kg3 Ra4 49. h4 Ra3+ 50. Kg4
Ra4+ 51. Kf5 Ra3 52. Ra8 Kg7 53. h5 Rf3+ 54. Ke5 Re3+ 55. Kd6
Ra3 56. Ra7+ Kh6 57. Kc5 Ra5+ 58. Kb6 Rxh5 59. Bd3 Rd5 60. Bc4
Rd2 61. Kc5 Kg5 62. Rf7 Kg4 63. Bd5 Kg3 64. Be4 Kg4 65. Kc4
Kg3 66. Bd3 Rf2 67. Rg7+ Kf4 68. Kd4 Ra2 69. Rf7+ Kg4 70. Be4
Ra4+ 71. Ke5 Ra5+ 72. Bd5 Kg3 73. Rf3+ Kg4 74. Rf2 Kh3 75. Rd2
Kg3 76. Rg2+ Kh3 77. Rg7 Rb5 78. Ke4 Kh4 79. Rg1 Kh5 80. Ke5
Ra5 81. Ke6 Kh4 82. Rg8 Rb5 83. Rd8 Kg5 84. Ke5 Ra5 85. Rg8+
Kh5 86. Ke4 Kh6 87. Bc4 Rg5 88. Rc8 Kg7 89. Kf4 Ra5 90. Rc6
Rh5 91. Be6 Ra5 92. Rd6 Ra1 93. Bf5 Kf7 94. Be4 Ke7 95. Ke5
Re1 96. Ra6 Re2 97. Ra7+ Ke8 98. Kd5 Kf8 99. Bf5 Re7 100. Bd7
Kg7 101. Kd6 Re1 102. Be6+ Kg6 103. Ra5 1/2-1/2

[Event "European Club Cup"]
[Site "Novi Sad SRB"]
[Date "2016.11.09"]
[EventDate "2016.11.06"]
[Round "4.7"]
[Result "1-0"]
[White "Wang Hao"]
[Black "Sven Charmeteau"]
[WhiteElo "2680"]
[BlackElo "2305"]
[PlyCount "89"]

1. e4 c5 2. Nf3 Nc6 3. Bb5 e6 4. O-O Nge7 5. c3 d5 6. exd5
Qxd5 7. Na3 a6 8. Be2 Qd8 9. Nc4 Ng6 10. a4 Be7 11. d4 cxd4
12. Nxd4 Nxd4 13. cxd4 Bd7 14. Bf3 Rc8 15. Ne3 Bc6 16. d5 exd5
17. Nxd5 O-O 18. g3 Bg5 19. Re1 Bxc1 20. Rxc1 Qa5 21. b4 Qxa4
22. Qxa4 Bxa4 23. Rxc8 Rxc8 24. Nb6 Rc3 25. Nxa4 Rxf3 26. Re8+
Nf8 27. Nc5 g6 28. Nd7 Kg7 29. Rxf8 Rb3 30. Ra8 Rxb4 31. Nc5
Rb5 32. Ne4 a5 33. Nd6 Rb1+ 34. Kg2 b6 35. g4 h6 36. h4 Rb4
37. Kg3 g5 38. h5 a4 39. Nf5+ Kf6 40. Nxh6 Rb3+ 41. f3 b5
42. Nf5 Rd3 43. Ra6+ Ke5 44. h6 Rd8 45. Nd6 1-0

[Event "European Club Cup"]
[Site "Novi Sad SRB"]
[Date "2016.11.10"]
[EventDate "2016.11.06"]
[Round "5.6"]
[Result "0-1"]
[White "Andrei-Theodor Dolana"]
[Black "Wang Hao"]
[WhiteElo "2297"]
[BlackElo "2680"]
[PlyCount "110"]

1. d4 Nf6 2. c4 g6 3. Nc3 d5 4. Nf3 Bg7 5. Bf4 O-O 6. e3 c6
7. h3 Ne4 8. Qb3 Nxc3 9. bxc3 b6 10. Be2 Ba6 11. O-O c5
12. Rfc1 Nc6 13. cxd5 Na5 14. Qd1 Bxe2 15. Qxe2 Qxd5 16. Rab1
Qc4 17. Kf1 Rfd8 18. Qxc4 Nxc4 19. Ke2 Rac8 20. Bh2 Kf8
21. Rd1 Ke8 22. Rbc1 b5 23. Ng5 Nb2 24. Rd2 Na4 25. Rdc2 Rc6
26. Ne4 Rdc8 27. Kd3 h6 28. Nxc5 Nxc5+ 29. dxc5 Rxc5 30. e4
Rc4 31. f3 Ra4 32. Rb1 a6 33. Bg1 f5 34. exf5 gxf5 35. g4 h5
36. Rb4 Rxc3+ 37. Rxc3 Rxb4 38. Rc6 Rf4 39. Ke2 hxg4 40. fxg4
Ra4 41. gxf5 Rxa2+ 42. Kd3 Bf6 43. Rb6 Kf7 44. Bc5 Ra4 45. Be3
b4 46. Kc4 a5 47. Rb5 Ra3 48. Bb6 Rc3+ 49. Kd5 b3 50. Bxa5
Rxh3 51. Bc7 Rd3+ 52. Ke4 Rd4+ 53. Ke3 Rc4 54. Be5 Bxe5
55. Rxe5 Rb4 0-1

[Event "European Club Cup"]
[Site "Novi Sad SRB"]
[Date "2016.11.11"]
[EventDate "2016.11.06"]
[Round "6.5"]
[Result "0-1"]
[White "Wang Hao"]
[Black "Robert Markus"]
[WhiteElo "2680"]
[BlackElo "2652"]
[PlyCount "72"]

1. e4 Nf6 2. e5 Nd5 3. d4 d6 4. Nf3 dxe5 5. Nxe5 c6 6. Be2 Bf5
7. O-O Nd7 8. Nf3 e6 9. c4 N5f6 10. Nc3 Ne4 11. Qb3 Nxc3
12. bxc3 Qc7 13. Nh4 Bg6 14. g3 b6 15. a4 Bd6 16. a5 O-O
17. Nxg6 hxg6 18. Be3 c5 19. Qb5 Rab8 20. Rfd1 Nf6 21. axb6
axb6 22. Bf3 Rfc8 23. Ra4 e5 24. dxe5 Bxe5 25. Rda1 Qd6
26. Ra7 Qd3 27. Rc1 Re8 28. Kg2 Bxc3 29. Bg5 Ne4 30. Bf4 Be5
31. Rd7 Qa3 32. Bxe4 Bxf4 33. Bd5 Bxc1 34. Bxf7+ Kh8 35. Bxg6
Rf8 36. Be4 Rxf2+ 0-1

[Event "European Club Cup"]
[Site "Novi Sad SRB"]
[Date "2016.11.12"]
[EventDate "2016.11.06"]
[Round "7.6"]
[Result "0-1"]
[White "Stefan Mladenovic"]
[Black "Wang Hao"]
[WhiteElo "2292"]
[BlackElo "2680"]
[PlyCount "144"]

1. d4 Nf6 2. Nf3 e6 3. e3 b6 4. Bd3 Bb7 5. O-O c5 6. c4 Be7
7. Nc3 cxd4 8. exd4 O-O 9. d5 Na6 10. Bf4 Re8 11. Rc1 Bf8
12. Bg5 h6 13. Bh4 Be7 14. Bg3 Bf8 15. Bh4 exd5 16. Nxd5 Bxd5
17. cxd5 Nc5 18. Bb1 Nce4 19. Re1 g5 20. Bg3 Nxg3 21. Rxe8
Qxe8 22. hxg3 Rc8 23. Rxc8 Qxc8 24. Bf5 Kg7 25. Ne5 Qc7
26. Ng4 Nxg4 27. Bxg4 Qe5 28. Qd2 f5 29. Be2 Bc5 30. Bc4 Kf6
31. Kf1 Bd4 32. b3 Bc5 33. b4 Qa1+ 34. Ke2 Bd6 35. Qe1 Qd4
36. Bb3 Bxb4 37. Qd1 Qb2+ 38. Kf1 Bc5 39. Qe2 Qd4 40. Kg1 b5
41. d6 Qe4 42. Qh5 Ke5 43. Qe8+ Kxd6 44. Qf8+ Kc6 45. Qc8+ Kd6
46. Qf8+ Qe7 47. Qxh6+ Kc7 48. Kf1 Bb4 49. Kg1 Qe1+ 50. Kh2
Qxf2 51. Qxg5 Bd6 52. Kh3 Qf1 53. Kh2 f4 54. Qd5 Qf2 55. Qd3
Qe3 56. Qxe3 fxe3 57. Kg1 Bxg3 58. Kf1 Kb6 59. Ke2 Bf4 60. g3
Bg5 61. Kd3 Kc5 62. g4 Kd6 63. Bf7 b4 64. Ke2 Ke5 65. Be8 d5
66. Bc6 Kd4 67. Bb7 Kc4 68. Bc6 d4 69. Be4 Kc3 70. Bf5 a5
71. Be4 a4 72. Bf5 a3 0-1

[Event "TCh-ROU Superliga"]
[Site "Calimanesti-Caciulata ROU"]
[Date "2016.11.19"]
[EventDate "2016.11.19"]
[Round "1.1"]
[Result "1-0"]
[White "Wang Hao"]
[Black "Andrei Volokitin"]
[WhiteElo "2680"]
[BlackElo "2668"]
[PlyCount "81"]

1. Nf3 d5 2. d4 Nf6 3. c4 e6 4. Bg5 dxc4 5. Nc3 a6 6. a4 c5
7. e3 cxd4 8. exd4 Nc6 9. Bxc4 Be7 10. O-O O-O 11. Re1 Bd7
12. Qe2 Rc8 13. Rad1 Nd5 14. Bxd5 Bxg5 15. Be4 Bh6 16. d5 exd5
17. Rxd5 g6 18. Red1 Rc7 19. Rd6 Bf4 20. R6d3 Nb4 21. Rd4 Qe7
22. Bb1 Qxe2 23. Nxe2 Bxa4 24. Re1 Bh6 25. Rxb4 Bc6 26. Be4
Re8 27. Bxc6 Rxc6 28. Rxb7 Bg7 29. Kf1 Rd8 30. Nc3 Bxc3
31. bxc3 Rxc3 32. Ng5 Rf8 33. Ra7 h6 34. Nf3 Ra3 35. Ne5 Ra2
36. g3 Kg7 37. Re3 Ra5 38. Kg2 g5 39. g4 Ra4 40. Rf3 Kg8
41. h3 1-0

[Event "TCh-ROU Superliga"]
[Site "Calimanesti-Caciulata ROU"]
[Date "2016.11.20"]
[EventDate "2016.11.19"]
[Round "2.5"]
[Result "1/2-1/2"]
[White "Wang Hao"]
[Black "Milos Perunovic"]
[WhiteElo "2680"]
[BlackElo "2616"]
[PlyCount "81"]

1. d4 Nf6 2. c4 e6 3. Nf3 c5 4. d5 d6 5. Nc3 exd5 6. cxd5 g6
7. h3 Bg7 8. e4 O-O 9. Bd3 Re8 10. O-O Nbd7 11. Re1 Ne5
12. Nxe5 Rxe5 13. Bf4 Nh5 14. Bxe5 Bxe5 15. Bf1 Qg5 16. Qf3
Nf4 17. Kh1 h5 18. Nd1 Bg4 19. Qe3 Qf6 20. a4 Re8 21. Ra3 Bd4
22. Qd2 Bxd1 23. Rxd1 Rxe4 24. g3 Nxd5 25. Bg2 Re5 26. f4 Rf5
27. Be4 h4 28. Bxf5 Qxf5 29. gxh4 Nxf4 30. Rf3 Be5 31. Re1 Qc8
32. Re4 Nh5 33. Kg2 Qc6 34. Qe3 Qd5 35. Qd3 Qxd3 36. Rxd3 Nf4+
37. Rxf4 Bxf4 38. a5 b5 39. axb6 axb6 40. Rb3 Kg7 41. Rxb6
1/2-1/2

[Event "TCh-ROU Superliga"]
[Site "Calimanesti-Caciulata ROU"]
[Date "2016.11.21"]
[EventDate "2016.11.19"]
[Round "3.2"]
[Result "1/2-1/2"]
[White "Bogdan-Daniel Deac"]
[Black "Wang Hao"]
[WhiteElo "2559"]
[BlackElo "2680"]
[PlyCount "58"]

1. e4 e6 2. d4 d5 3. Nd2 c5 4. exd5 Qxd5 5. Ngf3 cxd4 6. Bc4
Qd6 7. O-O Nf6 8. Nb3 Nc6 9. Nbxd4 Nxd4 10. Nxd4 a6 11. Re1
Qc7 12. Bf1 Be7 13. Qf3 O-O 14. Bf4 Bd6 15. Bxd6 Qxd6 16. Rad1
Qc7 17. Qg3 Qxg3 18. hxg3 Bd7 19. c4 Rfd8 20. f3 h5 21. Kf2
Kf8 22. Rd2 g6 23. Nb3 Ke7 24. Nc5 b6 25. Nd3 a5 26. Red1 Be8
27. Ne5 Rxd2+ 28. Rxd2 Rc8 29. b3 Nd7 1/2-1/2

[Event "TCh-ROU Superliga"]
[Site "Calimanesti-Caciulata ROU"]
[Date "2016.11.22"]
[EventDate "2016.11.19"]
[Round "4.4"]
[Result "1/2-1/2"]
[White "Wang Hao"]
[Black "Alexei Dmitriyevich Fedorov"]
[WhiteElo "2680"]
[BlackElo "2563"]
[PlyCount "109"]

1. d4 Nf6 2. c4 g6 3. Nc3 Bg7 4. e4 d6 5. f3 O-O 6. Be3 Nc6
7. Nge2 a6 8. Qd2 Rb8 9. h4 h5 10. Nc1 a5 11. Be2 Bd7 12. Bd1
b6 13. N1e2 e5 14. d5 Ne7 15. Bc2 Nh7 16. O-O-O f5 17. Rdg1
Qe8 18. Kb1 Nf6 19. Bg5 Kh8 20. a3 b5 21. cxb5 Bxb5 22. Rc1
Bd7 23. Bh6 fxe4 24. fxe4 Ng4 25. Bxg7+ Kxg7 26. Rhf1 Ng8
27. Ng1 Rxf1 28. Rxf1 N8f6 29. Nf3 Qc8 30. Ng5 Qa6 31. Rf3 Qb6
32. Nd1 Rf8 33. Rb3 Qa7 34. Rc3 Nh7 35. Nf3 Rf7 36. Qe2 Bc8
37. Bd3 Ngf6 38. Qe3 Qb8 39. Qc1 Qa7 40. Ka2 Ng4 41. Bb5 Nhf6
42. Rc4 Qb6 43. a4 Re7 44. Ng5 Nh7 45. Nf3 Nhf6 46. Ng5 Nh7
47. Ne6+ Bxe6 48. dxe6 c5 49. Nc3 Qb7 50. Bd7 Ngf6 51. Qd2
Nxd7 52. exd7 Rxd7 53. Nd5 Qa6 54. Rc3 Rf7 55. Qc2 1/2-1/2

[Event "TCh-ROU Superliga"]
[Site "Calimanesti-Caciulata ROU"]
[Date "2016.11.23"]
[EventDate "2016.11.19"]
[Round "5.3"]
[Result "0-1"]
[White "Alexandru-Vasile David"]
[Black "Wang Hao"]
[WhiteElo "2377"]
[BlackElo "2680"]
[PlyCount "71"]

1. d4 Nf6 2. c4 e6 3. Nc3 Bb4 4. e3 O-O 5. Bd3 c5 6. Nf3 d5
7. O-O cxd4 8. exd4 dxc4 9. Bxc4 b6 10. Qe2 Bb7 11. Rd1 Bxc3
12. bxc3 Qc7 13. Bg5 Nbd7 14. Rac1 Ng4 15. d5 exd5 16. Bxd5
Bxd5 17. Rxd5 h6 18. Qe7 Rad8 19. h3 Rfe8 20. Qxd8 Rxd8
21. Bxd8 Qxd8 22. hxg4 Qc7 23. g5 hxg5 24. Nxg5 Nf6 25. Rd3 g6
26. Re1 Qf4 27. Nf3 Qc4 28. Rd8+ Kg7 29. Re7 Qxc3 30. Rd1 Qc5
31. Rxa7 b5 32. Rb7 Ne4 33. Nd4 Qc4 34. Rxb5 Nc3 35. Rc1 Qxd4
36. Rb2 0-1

[Event "TCh-ROU Superliga"]
[Site "Calimanesti-Caciulata ROU"]
[Date "2016.11.24"]
[EventDate "2016.11.19"]
[Round "6.3"]
[Result "1/2-1/2"]
[White "Wang Hao"]
[Black "Alexander Areshchenko"]
[WhiteElo "2680"]
[BlackElo "2673"]
[PlyCount "71"]

1. d4 Nf6 2. c4 g6 3. g3 c6 4. Bg2 d5 5. Nf3 Bg7 6. O-O O-O
7. Nbd2 Bf5 8. b3 Ne4 9. Bb2 Qa5 10. h3 Bh6 11. e3 Nd7 12. g4
Be6 13. Nxe4 dxe4 14. d5 exf3 15. Qxf3 Nc5 16. dxe6 Nxe6
17. a3 Rad8 18. b4 Qa4 19. Qe2 Rd7 20. Be4 Bg7 21. Bxg7 Kxg7
22. Qb2+ f6 23. Qc3 Rfd8 24. h4 Rd1 25. Raxd1 Rxd1 26. Bc2
Rxf1+ 27. Kxf1 Qa6 28. h5 Nf8 29. hxg6 hxg6 30. g5 Qb6 31. c5
Qd8 32. Bb3 Nh7 33. f4 e5 34. gxf6+ Nxf6 35. Ke2 exf4 36. exf4
1/2-1/2